000
00336nam a2200145Ia 4500
008
150201s2003 xx 000 0 und d
082
_a
611
_b
I2003W
100
_a
WEIR JAMIE
245
_a
IMAGING ATLAS OF HUMAN ANATOMY
250
_a
3RD
260
_b
MOSBY
_a
EDINBURG
_c
2003
300
_a
1-226
650
_a
ANATOMY
942
_2
ddc
_c
BK
999
_c
3441
_d
3441